000 00213nam a2200097Ia 4500
005 20251222114358.0
008 251222s1900||||xx |||||||||||||| ||spa||
082 _aDVD0050/B28/2005
245 0 _aLa isla:
942 _cDVD
999 _c1540
_d1540